000 00517nam a2200169 a 4500
001 000047075
005 20201002053334.0
008 180416s2015 dr a 000 spa d
020 _a9789945192520
040 _aDO-SdBNP
_bspa
_cBNPHU
082 _axxx
_bR425
245 0 _aReligión 4 :. :
_bformación humana, integral y religiosa, educación primaria.
260 _aSanto Domingo :
_bSantillana,
_c2015.
300 _a127 p. :
_bil ;
_c28 cm.
490 _aProyecto Todos juntos
590 _aInventariado, 2018 / DG
999 _c46563
_d46563